| 000 | 00947nam a22002537a 4500 | ||
|---|---|---|---|
| 005 | 20180226162027.0 | ||
| 010 | _aENG-106599 | ||
| 020 |
_a9788183822473 _c395.00 |
||
| 020 | _c450.00(AV) | ||
| 035 | _aEN-90132 | ||
| 035 | _aB-667681 | ||
| 037 | _bDBAD/PUB | ||
| 082 | _a954.01 | ||
| 100 | _aMehta, J.L. | ||
| 245 |
_aHistory of ancient India : _cby J.L. Mehta [ and ] Sarita Mehta _b(from the earliest times to 1206 A.D.) / |
||
| 260 |
_aNew Delhi _bLotus Press _c2013 |
||
| 270 |
_a4263/3, Ansari Road, Daryaganj _bNew Delhi _e110002 |
||
| 300 |
_axvi, 815p. _c22cm(pbk) |
||
| 500 | _aIncludes bibliographical references and index | ||
| 700 |
_aMehta, Sarita _954846 |
||
| 942 |
_2ddc _cEN _h954.01 _mMEH |
||
| 999 |
_c73079 _d73079 |
||